| 000 | 00854nam a2200193 i 4500 | ||
|---|---|---|---|
| 001 | 167043 | ||
| 003 | ES-MaACL | ||
| 005 | 20240426103828.0 | ||
| 008 | 050923s1868 po | |||||||| ||por d | ||
| 040 |
_aCAM _bspa _cCAM |
||
| 100 | 1 |
_aVaz, Joâo. _9113341 |
|
| 245 | 1 | 0 |
_aVilla Nova de Gaia _b: romance / _cpor João Vaz de Evora; publicado segundo a edição de 1630 e acompanhado de um estudo sobre a transformação do romance anonymo no romance com fórma litteraria por Theophilo Braga. |
| 260 |
_aCoimbra : _b[s.n.], _c1868 ( _fImprensa Litteraria) |
||
| 300 |
_a40 p. ; _c23 cm. |
||
| 594 | _aPrecede al tit. en la cub. original: Raridade Bilbiographica. | ||
| 700 | 1 |
_aBraga, Teófilo, _d1843-1924 _931276 |
|
| 852 |
_aES-MaACL _jT-700-F-12 _z-- Enc. hol. conservando la cub. original _z-- Enc. en un vol. facticio |
||
| 999 |
_c167043 _d167043 |
||